Gaming Quiz

Random Gaming or Video Games Quiz

9 Fictional British Characters (Gaming) Quiz Stats

 Plays Quiz not verified by Sporcle

Score 0/9 Timer 00:45
0 Plays Today
% Correct
Paddington
98.5%
Bob the Builder
98.4%
Tinky Winky
98.2%
Nessie
96.7%
Teddy
96.1%
Cate Archer
95.7%
Lara Croft
94.1%
Soap MacTavish
88.3%
Birdie
76.8%

You're not logged in!

Compare scores with friends on all Sporcle quizzes.
OR
Log In

Show Comments

Extras

Top Quizzes Today


Score Distribution

Your Account Isn't Verified!

In order to create a playlist on Sporcle, you need to verify the email address you used during registration. Go to your Sporcle Settings to finish the process.

Report this User

Report this user for behavior that violates our Community Guidelines.

Details: